| 000 | 00591cab a2200217 4500 | ||
|---|---|---|---|
| 001 | WB3202-04 | ||
| 008 | 090401t1996 xxu||||| |||| 00| 0 eng d | ||
| 035 | _a(Sirsi) u58597 | ||
| 041 | _aeng | ||
| 245 | _aProblems with bones | ||
| 260 | _c1996 | ||
| 350 | _a0 | ||
| 490 |
_aHerald _v10 January 1996, 16(2) |
||
| 520 | _aConsiders the legal problems that arise when contractors discover human remains during excavation work. | ||
| 650 | _aARCHAEOLOGY | ||
| 650 | _aBURIAL SITES | ||
| 650 | _aSITE EXCAVATION | ||
| 690 | _aBUILT ENVIRONMENT | ||
| 942 | _n0 | ||
| 948 | _c04/03/1997 | ||
| 999 |
_c35808 _d35808 |
||